Simple groups of finite Morley rank
Αποθηκεύτηκε σε:
| Κύριος συγγραφέας: | |
|---|---|
| Άλλοι συγγραφείς: | , |
| Μορφή: | Βιβλίο |
| Γλώσσα: | English |
| Δημοσίευση: |
Providence, R.I. :
American Mathematical Society,
c2008
|
| Σειρά: | Mathematical surveys and monographs ;
; 145 |
| Θέματα: | |
| Ετικέτες: |
Προσθήκη ετικέτας
Δεν υπάρχουν, Καταχωρήστε ετικέτα πρώτοι!
|
MARC
| LEADER | 00000nam a2200000 i 4500 | ||
|---|---|---|---|
| 001 | 1/98695 | ||
| 008 | 081203s2008 eng d | ||
| 020 | |a 978-0-8218-4305-5 | ||
| 035 | |l 10102185 | ||
| 040 | |a GR-MY-UA |b gre |e aacr | ||
| 041 | 0 | |a eng | |
| 082 | 0 | |a 511.34 |2 (22) | |
| 100 | 1 | |a Altinel, Tuna |d 1966- | |
| 245 | 1 | 0 | |a Simple groups of finite Morley rank / |c Tuna Altinel, Alexandre V. Borovik, Gregory Cherlin |
| 260 | |a Providence, R.I. : |b American Mathematical Society, |c c2008 | ||
| 300 | |a xix, 556 σ.; |c 26 cm. | ||
| 490 | 1 | |a Mathematical surveys and monographs |v ; 145 | |
| 504 | |a Περιέχει βιβλιογραφία (σ. 539-546) και ευρετήρια | ||
| 650 | 0 | 0 | |a Model theory. |
| 650 | 0 | 0 | |a Finite groups. |
| 700 | 1 | |a Borovik, Alexandre. | |
| 700 | 1 | |a Cherlin, Gregory L. |d 1948- | |
| 830 | 0 | |a Mathematical surveys and monographs ; |v ; 145 | |
| 852 | |a INST |b SAMOS |e 20081203 |h 511.34 ALT |p 005300029544 |q 005300029544 |t BK |y 0 | ||
| 901 | |a BIBL3-2008-3 | ||
| 909 | |a Σ |b 156344 | ||
| 922 | |a 3ΕΛΗ |b 200810 |c ΕΠΕΑΕΚ2/ΤΜΗΜΑ ΜΑΘΗΜΑΤΙΚΩΝ |d ΜΙΧΑΛΟΠΟΥΛΟΣ | ||
| 970 | |a ΣΙΤΖΙΜΗ |b ΓΙΑΣΕΜΗ |z 2008/12/03 | ||